[Event "Julian Mazur Memorial"]
[Site "Wellington Chess Club"]
[Date "2019.09.05"]
[Round "6.23"]
[White "Dunlop, Rafe"]
[Black "Mulheron, Oscar"]
[Result "1-0"]
[WhiteElo "1246"]
[BlackElo "1000"]

1. e4 e5 2. Nf3 d6 3. Bc4 Nc6 4. h3 Bd7 5. O-O Nf6 6. d3 h6 7. Be3 a6 8. a3 b5
9. Ba2 Ne7 10. d4 b4 11. dxe5 Nxe4 12. exd6 cxd6 13. axb4 Bc6 14. Nc3 Nf5 15.
Bf4 Qb6 16. Nxe4 Bxe4 17. c3 g5 18. Re1 d5 19. Bxd5 Rd8 20. Rxe4+ Ne7 21. Be3
Qf6 22. Qb3 Bg7 23. Bc5 Rd7 24. Rae1 O-O 25. Bxe7 Rb8 26. Bxf6 Bxf6 27. Re8+
Rxe8 28. Rxe8+ Kg7 29. Ne5 Rxd5 30. Qxd5 Bxe5 31. Qxe5+ Kg6 32. Rg8+ Kh5 33.
g4+ Kh4 34. Qg3# 1-0

[Event "Julian Mazur Memorial"]
[Site "Wellington Chess Club"]
[Date "2019.09.12"]
[Round "7.1"]
[White "Dive, Russell"]
[Black "Nijman, Brian"]
[Result "1/2-1/2"]
[WhiteElo "2410"]
[BlackElo "2212"]

1. d4 e6 2. Nf3 f5 3. g3 b6 4. Bg2 Bb7 5. O-O Nf6 6. c4 a5 7. d5 Na6 8. Nd4 Nc5
9. Nc3 Qc8 10. Bf4 d6 11. dxe6 (11. Bg5 $1 e5 (11... Be7 12. e4 O-O 13. Nxe6
Nxe6 14. dxe6 fxe4 15. Bxf6 Bxf6 16. Nxe4 a4 17. Qc2 Ra5 18. Rae1 $18) 12. Bxf6
gxf6 13. e3 $1 h5 14. Bh3 $1 $18) 11... Bxg2 12. Kxg2 Nxe6 13. Qa4+ (13. Nd5 $5
Nxd4 14. Qxd4 Be7 15. e4 fxe4 16. Rae1 Nxd5 17. Qxd5 c6 18. Qxe4 O-O 19. Qxe7
Rxf4 20. Qxd6 Rxc4 21. Rc1 Rxc1 22. Rxc1 Qf5 23. Qxc6 Rf8 24. Rc2 $16) 13...
Kf7 14. Nxe6 Qxe6 15. Qc6 Rc8 16. f3 (16. e4 fxe4 17. Rfe1 Qd7 18. Qxd7+ (18.
Qb7 Be7 19. Nxe4 Rhe8 20. Nc3 $5 Bf8 21. b3 Rb8 22. Qf3 Qg4 23. Qd3 Qg6 24. Qd2
$14) 18... Nxd7 19. Rxe4 Be7 20. Rae1 Rce8 21. b3 Bd8 $14) 16... Be7 17. e4
Rhe8 18. Rae1 g6 $6 (18... fxe4 19. fxe4 Qd7 20. Qxd7 Nxd7 21. Bxd6+ Bf6 22.
Ba3 c6 23. Bd6 Kg8 24. Re2 Bxc3 25. bxc3 Re6 26. e5 $14) 19. Re2 (19. Bg5 $1
Qd7 20. Qxd7 Nxd7 21. Bxe7 Rxe7 22. Nd5 Re5 23. exf5 gxf5 24. f4 Re4 25. Rxe4
fxe4 26. Rd1 $16) 19... Qd7 20. Qxd7 Nxd7 21. exf5 gxf5 22. Rfe1 Bf6 23. Nb5 (
23. Rxe8 Rxe8 24. Rxe8 Kxe8 25. Nd5 Bd8 26. Ne3 Nc5 27. Nxf5 Nd3 28. b3 Nxf4+
29. gxf4 Kd7 30. Kh3 $14) 23... Rxe2+ 24. Rxe2 Be5 25. Bxe5 dxe5 26. Kh3 h5 $10
27. Kh4 Kf6 28. Rd2 Ke6 29. Kg5 Nf6 30. Nc3 h4 31. Kxh4 Rh8+ 32. Kg5 Rg8+ 33.
Kh4 Rh8+ 34. Kg5 Rg8+ 35. Kh4 Rh8+ 36. Kg5 1/2-1/2

[Event "Julian Mazur Memorial"]
[Site "Wellington Chess Club"]
[Date "2019.09.12"]
[Round "7.2"]
[White "Nyberg, Michael"]
[Black "Croad, Nicolas"]
[Result "1-0"]
[WhiteElo "2104"]
[BlackElo "2442"]

1. c4 Nf6 2. g3 g6 3. Bg2 Bg7 4. Nc3 O-O 5. Nf3 d6 6. O-O Nc6 7. Rb1 a5 8. a3
e5 9. b4 axb4 10. axb4 Qe7 11. d3 h6 12. Be3 Be6 13. Ne1 Ng4 14. Bd2 f5 15. h3
Nf6 16. f4 Nh5 17. Nd5 Bxd5 18. Bxd5+ Kh7 19. Kh2 exf4 20. gxf4 Qh4 21. Bg2 Ra2
22. e3 Re8 23. Rf3 g5 24. Nc2 g4 25. Be1 Qe7 26. Rf1 gxh3 27. Kxh3 Nf6 28. Bh4
Qf7 29. Bxf6 Qxf6 30. Qh5 Re7 31. Rf2 Bf8 32. Rbf1 Rg7 33. Bxc6 bxc6 34. Nd4
Rxf2 35. Rxf2 Rf7 36. Nxc6 Bg7 37. Nd4 Rf8 38. Rg2 c5 39. bxc5 dxc5 40. Nf3 Qa1
41. Qg6+ Kh8 42. Rg1 Qb2 43. Ne5 Qb7 44. Qc6 Qxc6 45. Nxc6 Re8 46. Rg3 Bc3 47.
Kg2 Kh7 48. d4 Bd2 49. Kf2 cxd4 50. Nxd4 Re4 51. Nxf5 Rxc4 52. Kf3 Bc3 53. Nd6
Rc6 54. Ne4 Bg7 55. f5 Be5 56. Rg1 Rc7 57. Rh1 Kg7 58. Rd1 Rf7 59. Kg4 Kh7 60.
Rd5 Bc7 61. Nf6+ Rxf6 62. Rd7+ Kg8 63. Rxc7 Ra6 64. e4 Ra4 65. Re7 Ra6 66. e5
Kf8 67. f6 Ra5 68. Kf5 Ra1 69. Rh7 Kg8 70. Rxh6 Kf7 71. Rh7+ Kg8 72. Rh4 Kf7
73. e6+ Kg8 74. e7 Rf1+ 75. Rf4 Re1 76. Re4 Rf1+ 77. Ke6 1-0

[Event "Julian Mazur Memorial"]
[Site "Wellington Chess Club"]
[Date "2019.09.12"]
[Round "7.3"]
[White "Rossiter, Philip"]
[Black "Ker, Anthony"]
[Result "0-1"]
[WhiteElo "1886"]
[BlackElo "2451"]

1. c4 c5 2. Nc3 g6 3. Nf3 Bg7 4. e3 Nf6 5. d4 cxd4 6. exd4 d5 7. Bg5 Nbd7 8.
Bd3 O-O 9. O-O dxc4 10. Bxc4 Nb6 11. Be2 Be6 12. Rc1 Rc8 13. Ne5 Nfd5 14. Bh4
Bh6 15. Nxd5 Rxc1 16. Nxe7+ Kg7 17. Qxc1 Bxc1 18. Nf5+ Bxf5 19. Bxd8 Bxb2 20.
Be7 Re8 21. g4 Rxe7 22. gxf5 Bxd4 23. Nf3 Rxe2 24. Nxd4 Rxa2 25. Rb1 g5 26. Nb5
Nc4 27. Nc3 Rb2 28. Rd1 Nd2 29. Nd5 a5 30. Ra1 Rb1+ 31. Rxb1 Nxb1 0-1

[Event "Julian Mazur Memorial"]
[Site "Wellington Chess Club"]
[Date "2019.09.12"]
[Round "7.4"]
[White "Benitez, Edgar"]
[Black "Sole, Michael"]
[Result "1-0"]
[WhiteElo "2040"]
[BlackElo "2008"]

1. c4 e5 2. Nc3 Nf6 3. g3 c6 4. Bg2 Bc5 5. e3 Qe7 6. Nge2 e4 7. Qc2 d5 8. cxd5
cxd5 9. b4 Bb6 10. Nxd5 Nxd5 11. Qxc8+ Bd8 12. a3 O-O 13. Qc4 Nf6 14. Bb2 Nbd7
15. O-O Bb6 16. Rac1 a5 17. Nf4 Rfe8 18. Qb5 Qd6 19. Bc3 axb4 20. Bxb4 Qe5 21.
Qc4 Ba5 22. d4 Qb8 23. Qb5 Bc7 24. Ne2 Nb6 25. Nc3 Qd8 26. Qf5 g6 27. Qb5 Nbd5
28. Nxd5 Nxd5 29. Qxb7 Rb8 30. Qc6 Re6 31. Qc2 f5 32. Bc5 Ra6 33. Rfd1 Qd7 34.
Bf1 Ra4 35. Bc4 Raa8 36. Qa2 Rd8 37. Be7 Qxe7 38. Bxd5+ Kg7 39. Bxa8 Rxa8 40.
Qd5 1-0

[Event "Julian Mazur Memorial"]
[Site "Wellington Chess Club"]
[Date "2019.09.12"]
[Round "7.5"]
[White "Nicholls, Alistair"]
[Black "Forster, Bill"]
[Result "0-1"]
[WhiteElo "1844"]
[BlackElo "2017"]

1. e4 d6 2. d4 Nf6 3. Nc3 g6 4. f4 Bg7 5. Nf3 c5 6. dxc5 Qa5 7. Bd3 Qxc5 8. Qe2
Nc6 9. Be3 Qa5 10. h3 O-O 11. O-O Nb4 12. Bc4 d5 13. exd5 Nfxd5 14. Nxd5 Nxd5
15. Bxd5 Qxd5 16. Rfd1 Qa5 17. Bd4 Qc7 18. Be5 Qc5+ 19. Qf2 Qxf2+ 20. Kxf2 Be6
21. Bxg7 Kxg7 22. Nd4 Bc4 23. Re1 e6 24. b3 Rfd8 25. Rad1 Bd5 26. c4 Bc6 27.
Nxc6 bxc6 28. c5 Kf6 29. Rd6 $2 Rxd6 30. cxd6 Rd8 31. Rd1 e5 32. Ke3 exf4+ 33.
Kxf4 h6 34. g4 Ke6 35. Re1+ Kxd6 36. Rd1+ Ke7 37. Rxd8 $2 Kxd8 38. Ke5 Ke7 39.
h4 f6+ 40. Kd4 Ke6 41. b4 f5 42. g5 hxg5 43. hxg5 f4 44. Ke4 f3 45. Kxf3 Kf5
46. a4 a6 $4 {I was just playing through this ending admiring my own perfect
technique when the computer eval suddenly dropped to 0.00 after this horrible
move. The problem is that all my counting up to now was based on the fact that
White needed to eat the a7 pawn if he wanted to turn this into a race between
his queenside pawns and my kingside pawns. This increased the White count by
two after he eats c6, and Black queens first easily. But now the moves a2-a4
and especially a7-a6 have changed that - all he has to do is eat c6 and then
push, the pawn on a6 doesn't slow him down at all because it is en-prise to a
protected-by-a-pawn pawn after the first push. } 47. Kf2 $4 (47. Ke3 Kxg5 {the
only way to make progress} 48. Kd4 Kh4 49. Kc5 g5 50. Kxc6 g4 51. b5 axb5 52.
axb5 g3 53. b6 g2 54. b7 g1=Q 55. b8=Q {drawn by one tempo. Note that forcing
the king to a7 also would have had the additional advantage that it wins yet
another tempo as I queen with check} ) 47... Kxg5 48. Kg3 Kf5 49. Kf3 Ke5 0-1

[Event "Julian Mazur Memorial"]
[Site "Wellington Chess Club"]
[Date "2019.09.12"]
[Round "7.6"]
[White "Lyall, Gordon"]
[Black "Stone, Andrew"]
[Result "1-0"]
[WhiteElo "1945"]
[BlackElo "2078"]

1. Nf3 f5 2. g3 e6 3. c4 Nf6 4. Bg2 Be7 5. O-O c6 6. d4 d5 7. c5 a5 8. Nc3 b5
9. cxb6 Qxb6 10. Na4 Qb5 11. Bf4 O-O 12. Ne5 Ba6 13. Nd3 (13. Rc1 {is a good
try, making it hard for black to develop the      knight} ) 13... Nbd7 14. Rc1
Rac8 15. Nc3 Qb6 16. h3 Ne4 17. Be5 Bxd3 $6 {With so  many pieces on the board
and so many variations, both Gordon and I spent a good 30 min or so on the last
few moves. I manage to choose one of the  least promising variations.}  (17...
Nxe5 18. Nxe5 Qxb2 19. Nxe4 fxe4 20. Rc2 (20. Nxc6 Bd6) 20... Qb7) 18. exd3
Nxe5 19. dxe4 Nc4 20. exd5 Nxb2 21. Qe2 cxd5 22. Nxd5 exd5 23. Bxd5+ Kh8 24.
Qxe7 Qxd4 25. Rxc8 Rxc8 26. Qb7 Qc3 27. Be6 Rf8 28. Bxf5 Qf6 29. Bc2 Nc4 $4 (
29... Qe5 30. Qd7 $16) 30. Qe4 Qh6 31. Qxc4 Qxh3 {The game went on for a few
more moves but in  reality it's pointless.} 32. Qh4 Qxh4 33. gxh4 Rf4 34. Re1
Kg8 35. Re4 Rf3 36. Kg2 Rc3 37. Bb3+ Kf8 38. Ra4 Rc5 39. Rc4 Rh5 40. Kg3 g5 41.
Kg4 Rxh4+ 42. Kxg5 Rh2 43. f4 Rg2+ 44. Kf6 Rg6+ 45. Kf5 Rh6 46. Rc7 Rh5+ 47.
Kg4 Rh2 48. f5 Rg2+ 49. Kf4 h5 50. f6 Rf2+ 51. Kg5 Rg2+ 1-0

[Event "Julian Mazur Memorial"]
[Site "Wellington Chess Club"]
[Date "2019.09.12"]
[Round "7.7"]
[White "He, Caleb"]
[Black "Sellen, Ian"]
[Result "0-1"]
[WhiteElo "1922"]
[BlackElo "2024"]

1. c4 e6 2. g3 d5 3. Bg2 Nf6 4. Nf3 c5 5. O-O Nc6 6. cxd5 exd5 7. d4 h6 8. Nc3
Be6 9. b3 Be7 10. Ba3 Qa5 11. Bb2 O-O 12. Ne5 Nxd4 13. e3 Nc6 14. Nxd5 Nxd5 15.
Bxd5 Rad8 16. e4 Nb4 17. Nc4 Qc7 18. Be5 Qc8 19. Ne3 Bh3 20. Re1 Rfe8 21. Qh5
Nxd5 22. exd5 Bd7 23. d6 Bf8 24. Rad1 g6 25. Qf3 Rxe5 26. Nd5 Rxd5 27. Qxd5 Bc6
28. Qxc5 Qh3 29. f3 Bxf3 30. Rd2 Bxd6 31. Qc3 Bc6 32. Qf6 Bc5+ 0-1

[Event "Julian Mazur Memorial"]
[Site "Wellington Chess Club"]
[Date "2019.09.12"]
[Round "7.8"]
[White "Tanoi, Edward"]
[Black "Winfield, Alan"]
[Result "1-0"]
[WhiteElo "2013"]
[BlackElo "1906"]

1. d4 f5 2. Bg5 Nf6 3. Nc3 e6 4. e3 b6 {Black aims to put his bishop on b7 and
enjoy  the scope of the long diagonal, potentially targeting a castled king.
Therefore} 5. d5 {seems an appropriate way to respond, undermining the d7-e6-f5
pawn chain.} 5... Be7 6. dxe6 dxe6 7. Qxd8+ Bxd8 {with queens off the targets
on e6 and d5 become  easier to attack especially with my lead in development.}
8. Nf3 O-O 9. Nd4 a6 $6 10. Bc4 Kf7 11. Nxf5 Bb7 $2 {abandoning the defence of
e6 and counterattacking along  the long diagonal} 12. Nd4 $1 {but opening the
g-file can only benefit White} 12... Nd5 $2 {Black is first to blink but his
liberties on the queenside are about to cost  him dearly in the centre.} 13.
Bxd8 Rxd8 14. Nxe6 $1 Kxe6 15. e4 c6 16. exd5+ cxd5 17. O-O-O {Black resigns}
1-0

[Event "Julian Mazur Memorial"]
[Site "Wellington Chess Club"]
[Date "2019.09.12"]
[Round "7.9"]
[White "He, Paul"]
[Black "Chen, Wei Kai"]
[Result "1-0"]
[WhiteElo "1885"]
[BlackElo "1965"]

1. c4 e5 2. g3 Nf6 3. Bg2 Nc6 4. Nc3 Bc5 5. e3 d6 6. Nge2 Bf5 7. d4 Bb6 8. O-O
h5 9. b4 a6 10. Ba3 O-O 11. Na4 Ba7 12. b5 axb5 13. cxb5 Na5 14. Bb4 Nc4 15.
Rc1 Nb6 16. Nxb6 Bxb6 17. dxe5 Ng4 18. Nd4 Bg6 19. exd6 cxd6 20. h3 Ne5 21.
Bxb7 Nd3 22. Bxa8 Qxa8 23. Bxd6 Rc8 24. Rxc8+ Qxc8 25. Nc6 Qe6 26. Ne7+ Kh7 27.
Nxg6 Qxg6 28. Bb8 Qe4 29. Qxh5+ Kg8 30. Qg4 1-0

[Event "Julian Mazur Memorial"]
[Site "Wellington Chess Club"]
[Date "2019.09.12"]
[Round "7.10"]
[White "Jackson, Ross"]
[Black "Brockway, Andrew"]
[Result "1/2-1/2"]
[WhiteElo "1964"]
[BlackElo "1836"]

1. d4 Nf6 2. c4 e6 3. Nc3 Bb4 4. Nf3 b6 5. Bg5 Bb7 6. e3 O-O 7. Qb3 Be7 8. Qc2
d6 9. e4 h6 10. Bd2 Nbd7 11. Be2 e5 12. O-O Re8 13. Rfe1 Nh7 14. Nd5 Bf8 15.
dxe5 Nxe5 16. Nd4 a6 17. f4 Nd7 18. Bf3 Nhf6 19. Bc3 Nxd5 20. exd5 Nf6 21. Rxe8
Qxe8 22. Nf5 Qd8 23. Re1 Bc8 24. g4 g6 25. Ne3 Bg7 { (=) } 26. h3 Bd7 27. b3
Qf8 28. f5 Re8 29. fxg6 { Draw Agreed (?) } 1/2-1/2

[Event "Julian Mazur Memorial"]
[Site "Wellington Chess Club"]
[Date "2019.09.12"]
[Round "7.11"]
[White "Stoeveken, Peter"]
[Black "Ross, Matt"]
[Result "0-1"]
[WhiteElo "1827"]
[BlackElo "1867"]

1. d4 Nf6 2. Bg5 b6 3. Bxf6 exf6 4. e4 Bb7 5. Bd3 d5 6. Nd2 Nc6 7. c3 Be7 8.
Qh5 dxe4 9. Bxe4 Na5 10. Ngf3 g6 11. Qh6 Bf8 12. Qf4 Bd6 13. Qh6 Qe7 14. O-O
O-O-O 15. Rfe1 Qd7 16. b4 Bxe4 17. Nxe4 Nc6 18. Nxf6 Qf5 19. Qg5 Ne7 20. a4 Qd3
21. Re3 Qc4 22. a5 b5 23. Ne4 Nf5 24. Nxd6+ Rxd6 25. Ne5 Qb3 26. Nxf7 Qxf7 27.
Re5 a6 28. Rae1 Qb3 29. g4 h6 30. Qf4 Nh4 31. Rc5 Rhd8 32. Qg3 g5 33. f4 R8d7
34. fxg5 hxg5 35. Rxg5 Ng6 36. Qf3 c6 37. d5 cxd5 38. Re8+ Kb7 39. Rxg6 Rxg6
40. Qf4 Qd1+ 41. Kf2 Qc2+ 42. Kf1 Rgd6 43. Qf8 d4 44. Rb8+ Kc6 45. Rb6+ Kd5 46.
Qg8+ Ke5 47. Qe8+ Kf4 48. Qf8+ Ke3 49. Rxd6 Rxd6 50. Qxd6 Qf2# 0-1

[Event "Julian Mazur Memorial"]
[Site "Wellington Chess Club"]
[Date "2019.09.12"]
[Round "7.12"]
[White "Stannard, Lars"]
[Black "Mullan, Brett"]
[Result "0-1"]
[WhiteElo "1417"]
[BlackElo "1825"]

1. e4 c5 2. Nc3 g6 3. Nf3 Nc6 4. Bc4 Bg7 5. d3 a6 6. Bd2 e6 7. a3 b5 8. Bb3
Nge7 9. Ne2 Bxb2 10. Ra2 Bg7 11. O-O O-O 12. c4 Qb6 13. Qc1 d6 14. Bh6 e5 15.
Bxg7 Kxg7 16. cxb5 axb5 17. Qd2 h6 18. h3 Na5 19. Rb2 Nxb3 20. Rxb3 Be6 21. Rc3
Ra4 22. Qb2 Rfa8 23. Rb1 b4 24. axb4 Rxb4 25. Qxb4 cxb4 26. Rc2 Ra2 27. Rxa2
Bxa2 28. Rb2 Be6 29. d4 exd4 30. Nexd4 Qc5 31. Rc2 Qb6 32. Rb2 Bc4 33. g4 Bd3
0-1

[Event "Julian Mazur Memorial"]
[Site "Wellington Chess Club"]
[Date "2019.09.12"]
[Round "7.13"]
[White "Van der Hoorn, Thomas"]
[Black "Dixon, Hamish"]
[Result "0-1"]
[WhiteElo "1807"]
[BlackElo "1681"]

1. e4 c5 2. Nf3 d6 3. d4 cxd4 4. Nxd4 Nf6 5. Nc3 Nc6 6. Bb5 Bd7 7. O-O a6 8.
Ba4 b5 9. Bb3 b4 10. Nd5 Nxe4 11. Re1 Nc5 12. Bc4 e6 13. Nf4 Be7 14. Nxc6 Bxc6
15. Nh5 O-O 16. Qg4 Bf6 17. Bh6 g6 18. Bxf8 Kxf8 19. Nxf6 Qxf6 20. b3 h6 21.
Qg3 Ne4 22. Qf3 Qxf3 23. gxf3 Nd2 24. Be2 Nxf3+ 25. Bxf3 Bxf3 26. Re3 Bd5 27.
Rd1 Rc8 28. Rd2 Rc5 29. Rd4 Rxc2 30. Rxb4 Rc1+ 0-1

[Event "Julian Mazur Memorial"]
[Site "Wellington Chess Club"]
[Date "2019.09.12"]
[Round "7.14"]
[White "Webster, Jamie"]
[Black "Hurndell, Robert"]
[Result "1-0"]
[WhiteElo "1701"]
[BlackElo "1545"]

1. e4 c6 2. d4 d5 3. e5 Bf5 4. h4 h6 5. g4 Bg6 6. h5 Bh7 7. e6 fxe6 8. Bd3 Nf6
9. Bxh7 Rxh7 10. Qd3 Qc7 11. Qg6+ Kd7 12. Nf3 Kc8 13. Ne5 Nbd7 14. Bf4 Qb6 15.
Nxd7 Kxd7 16. Be5 Qxb2 17. O-O Qxa1 18. Nd2 Qxa2 19. f4 Rh8 20. f5 Re8 21. Nb3
Ne4 22. fxe6+ Kd8 23. Bc7+ Kxc7 24. Qxe8 Qxc2 25. Qd7+ Kb6 26. Qd8+ Kb5 27.
Qa5+ Kc4 28. Qa4+ Kd3 29. Nc5+ Nxc5 30. Rf3+ 1-0

[Event "Julian Mazur Memorial"]
[Site "Wellington Chess Club"]
[Date "2019.09.12"]
[Round "7.15"]
[White "Aldridge, Alan"]
[Black "Ashe, Michael"]
[Result "1-0"]
[WhiteElo "1922"]
[BlackElo "1662"]

1. e4 e6 2. d4 d5 3. e5 c5 4. c3 Nc6 5. Bb5 Qc7 6. Nf3 a6 7. Bxc6+ bxc6 8. O-O
cxd4 9. cxd4 f6 10. Bf4 fxe5 11. Nxe5 Bd6 12. Qh5+ Kf8 13. Nd2 Bxe5 14. Bxe5
Qf7 15. Qh4 Ne7 16. Rac1 Bd7 17. Bd6 Ke8 18. Bxe7 Qxe7 19. Qg3 Rf8 20. Nf3 Kf7
21. Ne5+ Kg8 22. Nxc6 Bxc6 23. Rxc6 Qf6 24. Qe3 Rfe8 25. Re1 Kf7 26. Qc3 a5 27.
Re3 Kg8 28. h3 a4 29. a3 Rab8 30. Re5 Rb3 31. Qc2 Qf4 32. Rcxe6 Rxe6 33. Qc8+
Qf8 34. Qxe6+ Kh8 35. Rf5 Qg8 36. Qxg8+ Kxg8 37. Rxd5 Rxb2 38. Ra5 Rb1+ 39. Kh2
Rb2 40. f3 Rd2 41. Rxa4 Rd3 42. Kg3 g5 43. Kg4 Rd2 44. Kxg5 Rxg2+ 45. Kh4 Rd2
46. Kg3 h5 47. Kh4 Rd3 48. Kxh5 Rxf3 49. Kg4 1-0

[Event "Julian Mazur Memorial"]
[Site "Wellington Chess Club"]
[Date "2019.09.12"]
[Round "7.16"]
[White "Shepherd, Blake"]
[Black "Wevers, Alexis"]
[Result "0-1"]
[WhiteElo "1000"]
[BlackElo "1798"]

1. d4 Nf6 2. c4 e5 3. dxe5 Ng4 4. Nf3 Bc5 5. e3 Nc6 6. e6 dxe6 7. Qxd8+ Kxd8 8.
Be2 Ke7 9. O-O Nb4 10. a3 Nc6 11. b4 Bd6 12. Bb2 Be5 13. Nxe5 Ngxe5 14. b5 Nxc4
15. Bxc4 Na5 16. Nd2 Bd7 17. Bxg7 Rhg8 18. Bc3 Nxc4 19. Nxc4 Bxb5 20. Bb4+ Ke8
21. Rfc1 Rd8 22. Ne5 f6 23. Rxc7 a5 24. Re7+ Kf8 25. Rxe6+ axb4 26. Rxf6+ Ke8
27. Rb6 Rd5 28. Rc1 bxa3 29. Rc8+ Ke7 30. Rxb7+ Ke6 31. Rc1 Kxe5 32. Rxh7 Rgd8
33. Rh5+ Kf6 34. Rxd5 Rxd5 35. Rc2 Rd1# 0-1

[Event "Julian Mazur Memorial"]
[Site "Wellington Chess Club"]
[Date "2019.09.12"]
[Round "7.17"]
[White "Singh, Amrit"]
[Black "Quayle, Jamie"]
[Result "0-1"]
[WhiteElo "1000"]
[BlackElo "1683"]

1. d4 Nf6 2. c4 e5 3. d5 Bb4+ 4. Nd2 O-O 5. a3 Be7 6. e4 a5 7. Ngf3 d6 8. Bd3
Nbd7 9. O-O Nc5 10. Bc2 c6 11. Qe2 Bd7 12. Nb3 Nfxe4 13. Bxe4 Nxb3 14. Ra2 f5
15. Bc2 Nc5 16. Be3 e4 17. Nd4 f4 18. Bd2 f3 19. gxf3 Bh3 20. Re1 Rf6 21. Bxe4
Nxe4 22. Qxe4 Rg6+ 23. Kh1 Bg2+ 24. Kg1 Bxf3+ 25. Qxg6 hxg6 26. Nxf3 Qd7 27.
Re6 Bf6 28. Bg5 Re8 29. Bxf6 gxf6 30. Rxf6 Qg4+ 31. Kh1 Rf8 32. Rxf8+ Kxf8 33.
Ne1 Qd1 34. b4 Qxe1+ 35. Kg2 Qe4+ 36. f3 Qxc4 37. Rd2 axb4 38. dxc6 bxc6 39.
Rxd6 bxa3 40. Rxg6 Qc2+ 0-1

[Event "Julian Mazur Memorial"]
[Site "Wellington Chess Club"]
[Date "2019.09.12"]
[Round "7.18"]
[White "Ackroyd, William"]
[Black "Rabina, Romeo"]
[Result "1/2-1/2"]
[WhiteElo "1277"]
[BlackElo "1647"]

1. Nf3 Nf6 2. g3 Nc6 3. d4 e6 4. Bg2 d5 5. O-O b6 6. c3 Bd6 7. Nbd2 O-O 8. Qc2
Ne7 9. e4 dxe4 10. Nxe4 Nxe4 11. Qxe4 Ba6 12. Ng5 Ng6 13. Qxa8 Qxa8 14. Bxa8
Bxf1 15. Kxf1 Rxa8 16. Be3 h6 17. Ne4 Be7 1/2-1/2

[Event "Julian Mazur Memorial"]
[Site "Wellington Chess Club"]
[Date "2019.09.12"]
[Round "7.19"]
[White "Farrington, Lawrence"]
[Black "Carroll, Lewis"]
[Result "1/2-1/2"]
[WhiteElo "1706"]
[BlackElo "1422"]

1. d4 Nf6 2. c4 e6 3. Nc3 c5 4. e3 cxd4 5. exd4 b6 6. Be2 Bb7 7. Bf3 Nc6 8.
Nge2 Qb8 9. Bf4 d6 10. Ng3 e5 11. dxe5 dxe5 12. Be3 Bb4 13. Qa4 Bxc3+ 14. bxc3
Qc8 15. O-O O-O 16. Ne4 Nxe4 17. Bxe4 f5 18. Bd5+ Kh8 19. f3 Ne7 20. Bxb7 Qxb7
21. Rad1 Rfd8 22. Qb3 Qc6 23. Bg5 Rxd1 24. Rxd1 Ng6 25. Qb5 Qe6 26. Qd5 Qe8 27.
a4 h6 28. Bc1 Rc8 29. Qd7 Qxd7 30. Rxd7 Rxc4 31. Rxa7 Rxc3 32. Bd2 Rc2 33. Be3
Nh4 34. Bxb6 Rxg2+ 35. Kf1 Rxh2 36. Re7 Nxf3 37. Bc7 g5 38. a5 g4 39. a6 g3 40.
Bxe5+ Nxe5 41. Rxe5 Ra2 42. Rxf5 Rxa6 43. Kg2 Kg7 44. Kxg3 Kg6 45. Rf4 Kg5 46.
Rg4+ Kf5 47. Rf4+ Ke5 48. Rg4 Ra3+ 49. Kh4 Kf5 50. Rg3 Ra1 51. Rf3+ Ke4 52. Rg3
Rh1+ 1/2-1/2

[Event "Julian Mazur Memorial"]
[Site "Wellington Chess Club"]
[Date "2019.09.12"]
[Round "7.20"]
[White "Kibblewhite, Daniel"]
[Black "Stannard, Bobby"]
[Result "1-0"]
[WhiteElo "1537"]
[BlackElo "1485"]

1. d4 d5 2. c4 e6 3. e3 Nf6 4. Nc3 c5 5. Nf3 Qb6 6. Qb3 Nbd7 7. Qxb6 Nxb6 8.
cxd5 exd5 9. Bd2 Bf5 10. Bb5+ Nbd7 11. dxc5 Bxc5 12. O-O O-O 13. Rac1 Bb4 14.
Nd4 Bxc3 15. Rxc3 Be6 16. Nxe6 fxe6 17. Bxd7 Nxd7 18. Rc7 Nb6 19. Rxb7 Nc4 20.
Bc3 Rfb8 21. Rxg7+ Kf8 22. Rxh7 Nxb2 23. Bxb2 Rxb2 24. Rh8+ Ke7 25. Rxa8 Rxa2
26. h4 Kf6 27. g4 Ra4 28. f3 Kg6 29. Kg2 e5 30. Rd1 Ra3 31. Rxd5 Rxe3 32. Kf2
1-0

[Event "Julian Mazur Memorial"]
[Site "Wellington Chess Club"]
[Date "2019.09.12"]
[Round "7.21"]
[White "Darr, Samuel"]
[Black "Osborne, Geoff"]
[Result "1/2-1/2"]
[WhiteElo "1567"]
[BlackElo "1287"]

1. e4 e5 2. Nf3 Nc6 3. Bc4 Nf6 4. Ng5 d5 5. exd5 Na5 6. Bb5+ c6 7. dxc6 bxc6 8.
Be2 Be7 9. O-O O-O 10. Nf3 Qc7 11. d3 c5 12. Bd2 Nc6 13. Nc3 a6 14. Re1 Re8 15.
Be3 Bd6 16. Nd2 Nd4 17. Nde4 Nxe2+ 18. Qxe2 Nxe4 19. Nxe4 Be7 20. Qf3 f5 21.
Nf6+ Bxf6 22. Qxa8 f4 23. Bxf4 Kf8 24. Qe4 Kg8 25. Be3 Bb7 26. Qa4 Re6 27. Qc4
Qc6 28. f3 Be7 29. Kh1 Kh8 30. Re2 Rg6 31. Rae1 Qxf3 32. gxf3 Bxf3+ 33. Rg2
Bxg2+ 34. Kg1 Bd5+ 35. Kf2 Bxc4 36. dxc4 Bh4+ 37. Ke2 Bxe1 38. Kxe1 Rg2 39. Kd1
Rxh2 40. Bxc5 Kg8 41. b4 e4 42. b5 axb5 43. cxb5 Rh1+ 44. Kd2 Rh5 45. Bb4 Rxb5
46. a3 Kf7 47. Ke3 Ke8 48. Kxe4 Kd7 49. Kf4 Kc6 50. c3 g6 51. Kg4 Rf5 52. a4
Rd5 53. a5 Kb7 54. Kh4 Ka6 55. Kg4 Re5 56. Kf4 Rd5 57. Kg4 h5+ 58. Kh4 Re5 59.
Kg3 Rg5+ 60. Kh4 Rd5 61. Kg3 Kb5 62. Kh4 Re5 63. Kg3 g5 64. Kf3 g4+ 65. Kf4 Rd5
66. Kg3 Rf5 67. Kh4 Re5 68. Bd6 Rf5 69. Bb4 Ka6 70. Kg3 Rd5 71. Kh4 Rxa5 72.
Bxa5 Kxa5 73. Kg3 Kb5 {Draw agreed??} 1/2-1/2

[Event "Julian Mazur Memorial"]
[Site "Wellington Chess Club"]
[Date "2019.09.12"]
[Round "7.22"]
[White "Asher, Bruce"]
[Black "Cooke, Xandi"]
[Result "0-1"]
[WhiteElo "1178"]
[BlackElo "1512"]

1. e4 c5 2. Nf3 d6 3. Bb5+ Bd7 4. Nc3 Nf6 5. d3 g6 6. O-O Bg7 7. Qe2 O-O 8. h3
Nc6 9. Bf4 Qb6 10. e5 dxe5 11. Nxe5 Nxe5 12. Bxe5 Bxb5 13. Nxb5 Qxb5 14. b3
Rfd8 15. Rfe1 e6 16. c4 Qc6 17. Qb2 Ne8 18. Qe2 Bxe5 19. Qxe5 Rxd3 20. Re2 Qd6
21. Qe4 Nf6 22. Qh4 Rd1+ 23. Rxd1 Qxd1+ 24. Kh2 Qxe2 25. Qxf6 Qxa2 26. Qf3 Rd8
27. Qxb7 Qxf2 28. Qc7 Rd2 29. Qb8+ Kg7 30. Qe5+ Qf6 31. Qg3 Qf2 32. Qg4 f5 33.
Qg5 Qd4 34. Qg3 Qd3 35. Qe5+ Kh6 36. Qe1 Qd6+ 37. Kh1 Rd1 0-1